000 00807nam a2200217Ia 4500
003 Ost
005 20260507075034.0
008 260507s9999||||xx |||||||||||||| ||und||
040 _cfsecg
041 _aara
082 _a330
100 _aمصطفى، نهال فريد
_eمؤلف
245 0 _aإدارة الإمداد /
_c نهال فريد مصطفى
260 _aالإسكندرية:
_bدار الجامعة الجديدة,
_c2003
300 _a400 صفحة؛
_bإيضاحات ؛
_c24 سم
520 _aالمدخل المتكامل لوظيفة الإمداد- أنشطة الإمداد- تنظيم وإدارة وظيفة الإمداد
653 _aإدارة المخزون
653 _aالإمدادات
700 _aالعبد، جلال
_eمؤلف ثانوي
942 _cكتاب
999 _c42434
_d42434